000 00940pam a2200301 a 4500
001 1861756
003 OSt
005 20180116183009.0
008 830210s1983 nyu 000 1 eng
010 _a 82045969
020 _a0385180101 :
_c$17.95
040 _aDLC
_cDLC
_dDLC
050 0 0 _aPS3573.E1955
_bC68 1983
082 0 0 _a813/.54 WEB 1985
_219
100 1 _aWebb, James H.
245 1 2 _aA country such as this /
_cby James Webb.
250 _a1st ed.
260 _aGarden City, N.Y. :
_bDoubleday,
_c1983.
300 _aviii, 534 p. ;
_c24 cm.
610 2 0 _aUnited States Naval Academy
_xAlumni and alumnae
_vFiction.
610 1 0 _aUnited States.
_bNavy
_vFiction.
651 0 _aUnited States
_xHistory, Naval
_y20th century
_vFiction.
655 7 _aHistorical fiction.
_2gsafd
655 7 _aSea stories.
_2gsafd
655 7 _aWar stories.
_2gsafd
906 _a7
_bcbc
_corignew
_d1
_eocip
_f19
_gy-gencatlg
942 _2ddc
_cBK
999 _c350198
_d350198